BRAWL STARS-PODOŁASZ WYZWANIU? - Statystyki

Ogólne statystyki
  • Ten quiz został rozwiązany 516 razy
  • Średni wynik to 5 z 11
Statystyki odpowiedzi
Zagadnienie Odpowiedź % Poprawnych
od kogo została wydana gra brawl stars? supercell
91%
ile jest postaci o rzadkości rzadkej (stan 9.08.19) 4
68%
ile można mieć najwięcej osób w bandzie? 100
65%
ile jest postaci w brawl stars? (stan na 9.08.2019) 27
60%
ostatnia postać która została dodana doo gry to? (stan na 9.08.2019) tick
58%
ile jest darmowych skinów w grze? 3
27%
kiedy wyszła gra brawl stars na androida? 20.12.2018
26%
ile jest trybów w grze brawl stars łącznie (tryby na tikety też się liczą (stan na 9.08.19) 9
26%
ile jest max -pucharków za przegraną w brawl stars 13
18%
ile w aleji pucharów można maksymalnie zdobyć nagrodę za pucharki? 14.000
17%
kto wygrał ,,BS WORLD CUP''? hiszpania
15%
Nie znaleziono quizów pasujących do podanych kryteriów
Rozkład punktacji
Procent ludzi z każdym wynikiem
Percentyl według liczby udzielonych odpowiedzi
Twoja historia wyników
Nie rozwiązałeś tego quizu